000 00546nam a2200205 a 4500
001 000034597
005 20200930073804.0
008 111010s2009 sp 000 0 spa d
020 _a9788497644907
040 _aDO-SdBNP
_bspa
_cBNPHU
082 _axxxx
_bH766
100 1 _aHomero
_938113
245 1 0 _aIlíada /
_cHomero.
260 _aMadrid :
_bEdimat Libros,
_c2009.
300 _a413 p. ;
_c19 cm.
490 1 _aClásicos de la literatura
490 1 _aPoesía
830 0 _aClásicos de la literatura
_959477
830 0 _aPoesía
_91183
999 _c34088
_d34088